Pastoral del ilustrísimo y reverendísimo señor arzobispo Dr. D. Mariano Casanova sobre la intemperancia en la bebida

Guardat en:
Dades bibliogràfiques
Autor principal: Casanova, Mariano (Autor)
Format: Llibre
Idioma:espanyol
Publicat: Santiago Imprenta Católica de Manuel Infante 1889
Edició:1a. ed
Matèries:
Etiquetes: Afegir etiqueta
Sense etiquetes, Sigues el primer a etiquetar aquest registre!

MARC

LEADER 00000nam a2200000 a 4500
001 UCJ6203
003 CL-VaPUC
008 070124e18890000CL |||||||||||||||||spa|d
082 0 4 |a 282  |b CAS  |2 21 
100 0 |a Casanova, Mariano  |e author  |9 393477 
245 1 0 |a Pastoral del ilustrísimo y reverendísimo señor arzobispo Dr. D. Mariano Casanova sobre la intemperancia en la bebida 
250 |a 1a. ed 
300 |a 61 p 
942 |c BK 
945 |d 20070124 00:00:00  |a rinostro 
260 |a Santiago  |b Imprenta Católica de Manuel Infante  |c 1889 
500 |a Epígrafe tomado de San Pablo. Escudo de León XIII. Empastados con otros escritos en un volumen rotulado Casanova-Pastorales; ubicación 282 CAS 
650 0 |a Alcoholismo  |9 259651 
650 7 |a MORAL CATOLICA  |2 CL-VaPUC  |9 480577 
583 |a last modification  |c 20070124 00:00:00  |k Rodrigo Vera 
999 |c 322311  |d 322309 
952 |0 0  |1 0  |4 0  |6 282_000000000000000_CAS_1889  |7 0  |8 X  |9 401276  |a FDOBUD  |b FDOBUD  |d 2019-11-22  |i 1045148  |o 282 CAS 1889  |p 1045148  |r 2019-11-22  |w 2019-11-22  |y BK_X  |k BUD 
952 |0 0  |1 0  |4 0  |6 282_000000000000000_CAS_1889  |7 0  |8 X  |9 401277  |a FDOBUD  |b FDOBUD  |d 2019-11-22  |i 1045156  |o 282 CAS 1889  |p 1045156  |r 2019-11-22  |w 2019-11-22  |y BK_X  |k BUD